University Home | Library Home | Institutional Repository

Prosocial behaviour/ (Record no. 100884)

MARC details
000 -LEADER
fixed length control field 00372cam2a220013300 4500
005 - DATE AND TIME OF LATEST TRANSACTION
control field 20190819100409.0
008 - FIXED-LENGTH DATA ELEMENTS--GENERAL INFORMATION
fixed length control field 030521
020 ## - INTERNATIONAL STANDARD BOOK NUMBER
International Standard Book Number 047015215x
035 ## - SYSTEM CONTROL NUMBER
System control number (Sirsi) a145246
050 #0 - LIBRARY OF CONGRESS CALL NUMBER
Classification number BF637.H4
Item number Bar
100 1# - MAIN ENTRY--PERSONAL NAME
Personal name Bar-Tal, D.
Linkage A115932.1
245 10 - TITLE STATEMENT
Title Prosocial behaviour/
Statement of responsibility, etc. Daniel,Bar-Tal
260 ## - PUBLICATION, DISTRIBUTION, ETC.
Place of publication, distribution, etc. Washington D.C:
Name of publisher, distributor, etc. Hemisphere,
Date of publication, distribution, etc. 1976.

No items available.

© 2026 - The University of Zambia Library - Koha v25.11